Facultad de Derecho – Universidad Nacional de Mar del Plata

Economia: (Record no. 5313)

MARC details
000 -CABECERA
campo de control de longitud fija 00908nam a22001577a 4500
020 ## - NUMERO INTERNACIONAL NORMALIZADO PARA LIBROS (ISBN)
International Standard Book Number 9789701067949
080 ## - NUMERO DE CLASIFICACION DECIMAL UNIVERSAL (CDU)
Número de la Clasificación Decimal Universal 33 M 714
245 ## - MENCION DE TITULO
Título propiamente dicho Economia:
Parte restante del título principios y aplicaciones
250 ## - MENCION DE EDICION
Mención de edición 4° Ed.
260 ## - PUBLICACION, DISTRIBUCION, ETC. (PIE DE IMPRENTA)
Lugar de publicación, distribución, etc. Mexico- Buenos Aires
Nombre del editor, distribuidor, etc. Mc- Graw- Hill
Fecha de publicación, distribución, etc. 2008
300 ## - DESCRIPCION FISICA
Extensión 619 P:
650 ## - ASIENTO SECUNDARIO DE MATERIA - TERMINO TEMATICO
Subdivisión general economia
-- microeconomia
-- oferta
-- demanda
-- mercado
-- empresa
-- costos
-- beneficios
-- monopolio
-- oligopolio
-- mercado de trabajo
-- macroeconomia
-- impuestos
-- producto bruto interno
-- dinero
-- politica monetaria
-- mercado de divisas
-- globalizacion
-- inflacion
-- Adam Smith
-- TIC
-- Banco Mundial
-- Banco Interamericano de Desarrollo
-- Banco Central
-- balanza de pagos
-- consumidor
-- controles de precios
-- precios
-- ingreso total
-- desempleo
-- comercio internacional
-- crecimiento economico
-- bloques regionales
-- MERCOSUR
-- Union Europea
700 ## - ASIENTO SECUNDARIO - NOMBRE PERSONAL
Nombre personal Mochon Morcillo, Francisco
Término de relación Beker, Victor Alberto
942 ## - ELEMENTOS AGREGADOS (KOHA)
Clasificación normalizada de Koha para alfabetizar _
945 ## - INFORMACION DE PROCESAMIENTO LOCAL
Responsable de carga/modificación Celeste Delía
AAAA-MM-DD - Fecha de ingreso/modificación 2023-07-07
Holdings
Retirado Perdido Fuente de clasificación Dañado No se presta Ubicación permanente Locación actual Estante o sala Fecha de adquisición Total préstamos Signatura topográfica Inventario Ultima fecha vista Fecha del precio Tipo de item de Koha
          Bib. Derecho Bib. Derecho Sala de Lectura 07/07/2023   33 M 714 204397 07/07/2023 07/07/2023 LIBRO (Consulta)

XHTML | CSS | ©Biblioteca Central - Dto. Tecnología de la Información - [ Con tecnología Koha ]